000 00481nam a2200145Ia 4500
008 231129s2005||||xx |||||||||||||| ||spa||
020 _a958-04-8484-8
040 _bspa
082 _a658.8 P897ó
100 _aPrahalad C.K.
245 0 _aLa oportunidad de negocios en la base de la pirámide: Un modelo de negocio rentable que sirve a las comunidades más pobres
260 _c2005
264 _aGrupo Editorial Norma
942 _2ddc
_cBKS
999 _c17817
_d17817